Loading...
| AG | 0 | 2 | 1 | 0 | 15 | 96 | 122.00 | 0 | 0 | 0.00 | 0.00 |
| KD | 1 | 0 | 0 | 0 | 15 | 70 | 70.00 | 1 | 1 | 0.00 | 0.00 |
| TR | 1 | 0 | 0 | 0 | 15 | 57 | 57.00 | 1 | 1 | 0.00 | 0.00 |
| RC | 0 | 1 | 0 | 0 | 10 | 86 | 86.00 | 1 | 1 | 0.00 | 0.00 |
| BB | 0 | 1 | 1 | 0 | 5 | 96 | 96.00 | 0 | 1 | 0.00 | 0.00 |
| MB | 0 | 1 | 1 | 0 | 5 | 85 | 85.00 | 0 | 1 | 0.00 | 0.00 |
| TR | Mahabharata | 15 | 57 |
| MB | Gretchen | -5 | 61 |
| KD | William Faulkner | 15 | 70 |
| AG | chariots | -5 | 72 |
| MB | Obi Okonkwo | 10 | 85 |
| RC | “Little Red Riding Hood” or “Little Red Cap” | 10 | 86 |
| AG | Jean Rhys | 10 | 96 |
| BB | gas chromatography | 10 | 96 |
| BB | molecular clouds | -5 | 119 |
| AG | Richard | 10 | 148 |